AH International Schools' Libraries

Normal view MARC view
  • Clement VI Pope, approximately 1291-1352. Guardian Angels. Fools and Jesters.

Entry Topical Term

Number of records used in: 1

001 - CONTROL NUMBER

  • control field: 81483

003 - CONTROL NUMBER IDENTIFIER

  • control field: OSt

005 - DATE AND TIME OF LATEST TRANSACTION

  • control field: 20220302032517.0

008 - FIXED-LENGTH DATA ELEMENTS

  • fixed length control field: 220302|| aca||aabn | a|a d

040 ## - CATALOGING SOURCE

  • Original cataloging agency: OSt
  • Transcribing agency: OSt

150 ## - HEADING--TOPICAL TERM

  • Topical term or geographic name as entry element: Clement VI Pope, approximately 1291-1352. Guardian Angels. Fools and Jesters.
  • Form subdivision: Fiction.
  • General subdivision: Juvenile Fiction.
  • Geographic subdivision: France

670 ## - SOURCE DATA FOUND

  • Source citation: Work cat.: (OSt)43603: Brovwer, Sigmund. 81482, The Angel and the Sword/, 2005.

For any Logos Library related questions please contact Miss Art at swongnarasuk@asianhope.org.

For any Asian Hope Library related questions please contact Miss Raza at graza@asianhope.org.

Powered by Koha